| 000 | 00802cab a2200265 4500 | ||
|---|---|---|---|
| 001 | WB3018-26 | ||
| 008 | 090401t1994 xxu||||| |||| 00| 0 eng d | ||
| 035 | _a(Sirsi) u47241 | ||
| 041 | _aeng | ||
| 245 | _aTourist and leisure conflict | ||
| 260 | _c1994 | ||
| 350 | _a0 | ||
| 490 |
_aPlanning Week _v2 (19) 12 May 1994, 8; |
||
| 490 |
_aIndependent _v13 May 1994, (2) |
||
| 520 | _aA CPRE report urges conservationists to address the growing conflict between the tourist and leisure industries and the protection of the environment. | ||
| 650 | _aCPRE | ||
| 650 | _aLANDSCAPE CONSERVATION | ||
| 650 | _aLEISURE INDUSTRY | ||
| 650 | _aRURAL AREAS | ||
| 650 | _aTOURISM | ||
| 690 | _aCONSERVATION | ||
| 690 | _aENVIRONMENTAL AND LAND CONSULTANCY | ||
| 942 | _n0 | ||
| 948 | _c04/03/1997 | ||
| 999 |
_c29796 _d29796 |
||